Savills UK commercial development activity PMI (Record no. 107738)

MARC details
000 -LEADER
fixed length control field 01310cad a22002295a 4500
001 - CONTROL NUMBER
control field L141689
008 - FIXED-LENGTH DATA ELEMENTS--GENERAL INFORMATION
fixed length control field 071213s2007 xxkad f s 000 0 eng d
035 ## - SYSTEM CONTROL NUMBER
System control number (Sirsi) u141689
041 0# - LANGUAGE CODE
Language code of text/sound track or separate title eng
050 04 - LIBRARY OF CONGRESS CALL NUMBER
Classification number 333.337 $2 18
110 2# - MAIN ENTRY--CORPORATE NAME
Corporate name or jurisdiction name as entry element Savills
9 (RLIN) 2020
245 00 - TITLE STATEMENT
Title Savills UK commercial development activity PMI
Remainder of title November 2007
Medium [electronic resource]
260 ## - PUBLICATION, DISTRIBUTION, ETC.
Place of publication, distribution, etc. London
Name of publisher, distributor, etc. Savills
Date of publication, distribution, etc. 2007
490 #0 - SERIES STATEMENT
Series statement Savills UK Commercial Development Development Activity PMI
Volume/sequential designation November 2007
520 ## - SUMMARY, ETC.
Summary, etc. Reports that total activity continued to rise in October, but that developers are not optimistic about prospects for the next three months. Nearly one in four commercial developers in the October survey reported a rise in total activity, compared to less than 16% who recorded a fall. The Total Commercial Development Activity Index was 8.4% in October, below the 2007 average (14.7%) and the 2006 overall (19.7%). London saw the weakest rise in commercial activity since June 2005.
590 ## - LOCAL NOTE (RLIN)
Local note KA
650 24 - SUBJECT ADDED ENTRY--TOPICAL TERM
Topical term or geographic name entry element SAVILLS UK COMMERCIAL DEVELOPMENT ACTIVITY PMI
651 #4 - SUBJECT ADDED ENTRY--GEOGRAPHIC NAME
Geographic name United Kingdom
Chronological subdivision
690 ## - LOCAL SUBJECT ADDED ENTRY--TOPICAL TERM (OCLC, RLIN)
Topical term or geographic name as entry element PROPERTY-COMMERCIAL PROPERTY-COMMERCIAL PROPERTY MARKET
856 48 - ELECTRONIC LOCATION AND ACCESS
Uniform Resource Identifier <a href="https://www.savills.com/">https://www.savills.com/</a>
Public note View this report free of charge following registration under research at www.savills.com...
942 ## - ADDED ENTRY ELEMENTS (KOHA)
Suppress in OPAC 0
Holdings
Withdrawn status Lost status Source of classification or shelving scheme Damaged status Not for loan Home library Current library Shelving location Date acquired Total Checkouts Full call number Barcode Date last seen Copy number Price effective from Koha item type
    Dewey Decimal Classification     Virtual Virtual Online 13/12/2007   ONLINE PUBLICATION 141689-1001 06/08/2019 1 06/08/2019 Book